<?xml version="1.0" encoding="UTF-8"?>
<record
    xmlns:xsi="http://www.w3.org/2001/XMLSchema-instance"
    xsi:schemaLocation="http://www.loc.gov/MARC21/slim http://www.loc.gov/standards/marcxml/schema/MARC21slim.xsd"
    xmlns="http://www.loc.gov/MARC21/slim">

  <leader>00197nam a2200085   4500</leader>
  <controlfield tag="001">1254767</controlfield>
  <controlfield tag="005">20251124103618.0</controlfield>
  <datafield tag="245" ind1=" " ind2=" ">
    <subfield code="a">&#xC7;OK EV&#x130;N YOK KED&#x130;S&#x130; </subfield>
    <subfield code="c">G&#xD6;KN&#x130;L &#xD6;ZK&#xD6;K</subfield>
  </datafield>
  <datafield tag="260" ind1=" " ind2=" ">
    <subfield code="b">CAN YAYINLARI</subfield>
  </datafield>
  <datafield tag="999" ind1=" " ind2=" ">
    <subfield code="c">1254767</subfield>
    <subfield code="d">1254767</subfield>
  </datafield>
  <datafield tag="952" ind1=" " ind2=" ">
    <subfield code="0">0</subfield>
    <subfield code="1">0</subfield>
    <subfield code="2">ddc</subfield>
    <subfield code="4">0</subfield>
    <subfield code="7">0</subfield>
    <subfield code="a">1005</subfield>
    <subfield code="b">1005</subfield>
    <subfield code="d">2025-11-24</subfield>
    <subfield code="l">1</subfield>
    <subfield code="p">10058098</subfield>
    <subfield code="r">2025-12-05 11:20:58</subfield>
    <subfield code="s">2025-11-25</subfield>
    <subfield code="w">2025-11-24</subfield>
    <subfield code="y">BK</subfield>
  </datafield>
</record>
